000 00436pab a2200169 454500
008 180718b2011 xxu||||| |||| 00| 0 eng d
100 _aNaik, B.M.
245 _aColleges should do more in research and innovation to improve quality
260 _c2011
300 _ap.1-7, 10.
362 _a12 Sep
650 _aEducational quality
650 _aEducational research
773 _aUniversity News
908 _aN
909 _a93082
999 _c93082
_d93082